000 00563cab a2200229 4500
001 X3187
008 090401t1996 xxu||||| |||| 00| 0 eng d
035 _a(Sirsi) u29039
041 _aeng
100 _aMokhesi, T.D.
245 _aGIS and remote sensing in South Africa`s development
260 _c1996
350 _a0
490 _aSurveying World
_v4(3) March/April 1996, 42-43(2)
650 _aGIS
650 _aREMOTE SENSING
650 _aSATELLITES
650 _aSOUTH AFRICA
690 _aLAND SURVEYING
942 _n0
948 _c04/03/1997
999 _c19544
_d19544